<?xml version="1.0" encoding="UTF-8"?>
<record
    xmlns:xsi="http://www.w3.org/2001/XMLSchema-instance"
    xsi:schemaLocation="http://www.loc.gov/MARC21/slim http://www.loc.gov/standards/marcxml/schema/MARC21slim.xsd"
    xmlns="http://www.loc.gov/MARC21/slim">

  <leader>01449nam a2200325 a 4500</leader>
  <controlfield tag="001">000039140</controlfield>
  <controlfield tag="003">DO-SdBNP</controlfield>
  <controlfield tag="005">20210415131646.0</controlfield>
  <controlfield tag="008">081028s2006    dr            000 0 spa d</controlfield>
  <datafield tag="020" ind1=" " ind2=" ">
    <subfield code="a">8492243503</subfield>
  </datafield>
  <datafield tag="040" ind1=" " ind2=" ">
    <subfield code="a">BPMSU</subfield>
    <subfield code="b">spa</subfield>
    <subfield code="c">BPMSU</subfield>
  </datafield>
  <datafield tag="082" ind1=" " ind2=" ">
    <subfield code="a">465</subfield>
    <subfield code="b">G216m, 2006</subfield>
    <subfield code="2">22</subfield>
  </datafield>
  <datafield tag="100" ind1="1" ind2=" ">
    <subfield code="a">Garc&#xED;a, Bartolo</subfield>
  </datafield>
  <datafield tag="245" ind1="1" ind2="0">
    <subfield code="a">Morfosintaxis funcional del espa&#xF1;ol :</subfield>
    <subfield code="b">teor&#xED;a-an&#xE1;lisis-producci&#xF3;n /</subfield>
    <subfield code="c">Bartolo Garc&#xED;a, Rafael N&#xFA;&#xF1;ez, Julio de los Santos.</subfield>
  </datafield>
  <datafield tag="250" ind1=" " ind2=" ">
    <subfield code="a">6a ed.</subfield>
  </datafield>
  <datafield tag="260" ind1=" " ind2=" ">
    <subfield code="a">Santo Domingo :</subfield>
    <subfield code="b">Surco ,</subfield>
    <subfield code="c">2006</subfield>
  </datafield>
  <datafield tag="300" ind1=" " ind2=" ">
    <subfield code="a">351</subfield>
    <subfield code="c">23 cm.</subfield>
  </datafield>
  <datafield tag="504" ind1=" " ind2=" ">
    <subfield code="a">Bibliograf&#xED;a : p. 347-351</subfield>
  </datafield>
  <datafield tag="505" ind1="0" ind2=" ">
    <subfield code="t">Prefacio --</subfield>
    <subfield code="t">Nota a la cuarta edici&#xF3;n --</subfield>
    <subfield code="t">Ling&#xFC;&#xED;stica y visi&#xF3;n de la lengua --</subfield>
    <subfield code="t">Morfolog&#xED;a y sint&#xE1;xis y las dem&#xE1;s --</subfield>
    <subfield code="t">Categor&#xED;as formales --</subfield>
    <subfield code="t">Relaci&#xF3;n significante-significado --</subfield>
    <subfield code="t">El morfema --</subfield>
    <subfield code="t">Morfolog&#xED;a verbal --</subfield>
    <subfield code="t">La oraci&#xF3;n --</subfield>
    <subfield code="t">El sujeto --</subfield>
    <subfield code="t">El predicado --</subfield>
    <subfield code="t">Visi&#xF3;n hol&#xED;stica del an&#xE1;lisis sint&#xE1;ctico --</subfield>
    <subfield code="t">Oraciones y proposiciones --</subfield>
    <subfield code="t">Proposiciones coordinadas --</subfield>
    <subfield code="t">Proposiciones subordinadas --</subfield>
    <subfield code="t">&#xCD;ndice de textos --</subfield>
    <subfield code="t">Bibliograf&#xED;a.</subfield>
  </datafield>
  <datafield tag="590" ind1=" " ind2=" ">
    <subfield code="6">Inventariado, 2021/VM</subfield>
  </datafield>
  <datafield tag="650" ind1=" " ind2="4">
    <subfield code="a">ESPA&#xD1;OL</subfield>
    <subfield code="x">GRAM&#xC1;TICA</subfield>
    <subfield code="x">ESTUDIOS Y ENSE&#xD1;ANZA</subfield>
  </datafield>
  <datafield tag="650" ind1=" " ind2="4">
    <subfield code="a">Espa&#xF1;ol </subfield>
    <subfield code="x">Composici&#xF3;n y ejercicios </subfield>
  </datafield>
  <datafield tag="650" ind1=" " ind2="4">
    <subfield code="a">Espa&#xF1;ol </subfield>
    <subfield code="x">Morfosintaxis </subfield>
  </datafield>
  <datafield tag="650" ind1=" " ind2="4">
    <subfield code="a">Espa&#xF1;ol </subfield>
    <subfield code="x">Sintaxis </subfield>
  </datafield>
  <datafield tag="650" ind1=" " ind2="4">
    <subfield code="a">Espa&#xF1;ol </subfield>
    <subfield code="x">Morfolog&#xED;a </subfield>
  </datafield>
  <datafield tag="700" ind1="1" ind2=" ">
    <subfield code="a">N&#xFA;&#xF1;ez, Rafael</subfield>
  </datafield>
  <datafield tag="700" ind1="1" ind2=" ">
    <subfield code="a">Santos, Julio de los</subfield>
  </datafield>
  <datafield tag="910" ind1=" " ind2=" ">
    <subfield code="a">VMateo</subfield>
  </datafield>
  <datafield tag="942" ind1=" " ind2=" ">
    <subfield code="2">ddc</subfield>
    <subfield code="c">BK</subfield>
  </datafield>
  <datafield tag="952" ind1=" " ind2=" ">
    <subfield code="0">0</subfield>
    <subfield code="1">0</subfield>
    <subfield code="2">ddc</subfield>
    <subfield code="4">0</subfield>
    <subfield code="7">0</subfield>
    <subfield code="8">CD</subfield>
    <subfield code="a">BPMET</subfield>
    <subfield code="b">BPMET</subfield>
    <subfield code="d">2021-04-15</subfield>
    <subfield code="e">Editora B&#xFA;ho</subfield>
    <subfield code="l">0</subfield>
    <subfield code="o">BPMSU CD 465 G216m, 2006</subfield>
    <subfield code="p">BPMET21040024</subfield>
    <subfield code="r">2021-04-15</subfield>
    <subfield code="w">2021-04-15</subfield>
    <subfield code="y">BK</subfield>
  </datafield>
  <datafield tag="952" ind1=" " ind2=" ">
    <subfield code="0">0</subfield>
    <subfield code="1">0</subfield>
    <subfield code="2">ddc</subfield>
    <subfield code="4">0</subfield>
    <subfield code="7">0</subfield>
    <subfield code="8">CD</subfield>
    <subfield code="a">BPMET</subfield>
    <subfield code="b">BPMET</subfield>
    <subfield code="d">2021-04-15</subfield>
    <subfield code="e">Editora B&#xFA;ho</subfield>
    <subfield code="l">0</subfield>
    <subfield code="o">BPMSU CD 465 G216m, 2006</subfield>
    <subfield code="p">BPMET21040025</subfield>
    <subfield code="r">2021-04-15</subfield>
    <subfield code="t">e.2</subfield>
    <subfield code="w">2021-04-15</subfield>
    <subfield code="y">BK</subfield>
  </datafield>
  <datafield tag="999" ind1=" " ind2=" ">
    <subfield code="c">13424</subfield>
    <subfield code="d">13424</subfield>
  </datafield>
</record>
